| 000 | 00952nam a2200301 4500 | ||
|---|---|---|---|
| 003 | OSt | ||
| 005 | 20260530113857.0 | ||
| 008 | 260505b2008 usaa|||| |||| 00| 0 eng d | ||
| 020 | _a9781580114554 | ||
| 020 | _a1580114554 | ||
| 040 |
_aICI _bspa _cICI |
||
| 041 | _aeng | ||
| 050 |
_aNA7615 _bB47 2009 |
||
| 245 | 1 | 0 |
_aBest kitchens : _bgreen edition |
| 264 | 1 |
_aUpper Saddle River, NJ : _bCreative Homeowner Press, _c2008 |
|
| 300 |
_a238 páginas _bilustraciones a color ; _c28 cm |
||
| 336 |
_atexto _2rdacontent |
||
| 337 |
_asin medio _2rdamedia |
||
| 338 |
_avolumen _2rdacarrier |
||
| 500 | _aObra ilustrada sobre diseño de cocinas con enfoque ecológico | ||
| 650 |
_aCocinas _xDiseño _931905 |
||
| 650 |
_aArquitectura de interiores _931906 |
||
| 650 |
_aVivienda _xDiseño _931907 |
||
| 650 |
_aCocinas ecológicas _931908 |
||
| 650 |
_aDiseño sustentable _931909 |
||
| 655 |
_2local _aLibros ilustrados _931910 |
||
| 942 |
_2lcc _cBK _n1 |
||
| 999 |
_c11680 _d11680 |
||